<?xml version="1.0" encoding="UTF-8"?><OAI-PMH xmlns="http://www.openarchives.org/OAI/2.0/" xmlns:xsi="http://www.w3.org/2001/XMLSchema-instance"     xsi:schemaLocation="http://www.openarchives.org/OAI/2.0/ http://www.openarchives.org/OAI/2.0/OAI-PMH.xsd"><responseDate>2026-05-16T13:12:09Z</responseDate><request verb="GetRecord" identifier="oai:regmurcia.com:fintegr.795" metadataPrefix="marc21">http://oai.regmurcia.com/oai2/oai2.php</request><GetRecord><record><header><identifier>oai:regmurcia.com:fintegr.795</identifier><datestamp>2026-05-16</datestamp><setSpec>documentos</setSpec></header><metadata><record  xmlns="http://www.loc.gov/MARC21/slim" xmlns:xsi="http://www.w3.org/2001/XMLSchema-instance" xsi:schemaLocation="http://www.loc.gov/MARC21/slim http://www.loc.gov/standards/marcxml/schema/MARC21slim.xsd" type="Bibliographic"><leader>00000nam a2200000   4500</leader><controlfield tag="001" >005073965</controlfield><controlfield tag="003" >795</controlfield><controlfield tag="004" >A00000000</controlfield><datafield tag="245" ind1=" " ind2=" "><subfield code="a">Testimonio de la presentación de una cédula de Enrique IV al concejo de Murcia (1455-4-27) ordenando nombrar al Adelantado como procurador a cortes, y los desacuerdos motivados entre los oficiales del concejo sobre el cumplimiento de la misma.</subfield></datafield><datafield tag="300" ind1=" " ind2=" "><subfield code="c">221 x 148 mm</subfield></datafield><datafield tag="300" ind1=" " ind2=" "><subfield code="a">6 fol.</subfield></datafield><datafield tag="351" ind1=" " ind2=" "><subfield code="a">Unidad Documental</subfield><subfield code="c">Archivo de Murcia. Array</subfield><subfield code="a">Unidad Documental</subfield><subfield code="c">Archivo de Murcia. Array</subfield></datafield><datafield tag="351" ind1=" " ind2=" "><subfield code="b">Nº 72</subfield></datafield><datafield tag="506" ind1=" " ind2=" "><subfield code="a">Acceso restringido</subfield></datafield><datafield tag="510" ind1=" " ind2=" "><subfield code="a">Pub. (en parte) MOLINA MOLINA, ANGEL LUIS. Documentos de Enrique IV. Murcia: Academia Alfonso X el Sabio, 1988, pp. 19-20</subfield></datafield><datafield tag="520" ind1=" " ind2=" "><subfield code="a">El documento incluye:&lt;/br&gt;- Presentación por Alfonso de Dávalos, regidor de la ciudad, de una cédula de Enrique IV al concejo de Murcia. (1455-5-20. Murcia). Fol. 1r-v.&lt;/br&gt;- Cédula de Enrique IV al concejo de Murcia, ordenando nombrar al Adelantado Pedro Fajardo como uno de los procuradores a cortes, a lo cual se había negado la ciudad con anterioridad. (1455-4-27. Écija). Fol. 1v-2r.&lt;/br&gt;- Presentada la cédula del rey, Alfonso de Dávalos pide el cumplimiento de la misma por parte del concejo. Éste dice que estudiará esta cuestión y dará su respuesta. (1455-5-20. Murcia). Fol. 2r-v.&lt;/br&gt;- El concejo manifiesta no poder responder todavía a lo ordenado por el rey, por estar tratando ciertas cuestiones con los procuradores de Orihuela. (1455-5-30. Murcia). Fol. 2v-3r.&lt;/br&gt;- Alfonso de Dávalos vuelve a pedir ante el concejo que se cumpla la cédula del rey y se nombre al Adelantado como uno de los procuradores de la ciudad. (1455-6-4. Murcia). Fol. 3r-v.&lt;/br&gt;- Respuesta del concejo, aduciendo que posee el uso y la costumbre, ratificada por Juan II, de nombrar a los procuradores a cortes entre los regidores del concejo, para salvaguardar así los intereses de la ciudad frente al poder del Adelantado y otros señores poderosos. (1455-6-4. Murcia). Fol. 3v-5r.&lt;/br&gt;- Testimonio de algunos regidores y jurados de la ciudad, que junto a Alfonso de Dávalos también son partidarios de obedecer la cédula, lo cual motiva varias discusiones y desacuerdos entre los miembros del concejo. (1455-6-4/1455-6-6. Murcia). Fol. 5r-6v.</subfield></datafield><datafield tag="583" ind1=" " ind2=" "><subfield code="u">http://www.regmurcia.com/servlet/s.Sl?METHOD=VERDOCUMENTO&amp;sit=serv,Carmesi&amp;n=/01/1254/indice.djvu</subfield></datafield><datafield tag="592" ind1=" " ind2=" "><subfield code="a">1455-05-20/1455-06-06</subfield></datafield><datafield tag="592" ind1=" " ind2=" "><subfield code="d">1455-06-06 00:00:00</subfield></datafield><datafield tag="651" ind1=" " ind2=" "><subfield code="a">Murcia</subfield></datafield><datafield tag="786" ind1=" " ind2=" "><subfield code="o">http://www.regmurcia.com/servlet/s.Sl?METHOD=VERDOCUMENTO&amp;sit=serv,Carmesi&amp;n=/01/1254/indice.djvu</subfield></datafield><datafield tag="856" ind1=" " ind2=" "><subfield code="u">http://www.regmurcia.com/servlet/s.Sl?METHOD=DETALLE&amp;sit=c,373,m,139,serv,Carmesi&amp;id=795</subfield></datafield></record></metadata></record></GetRecord></OAI-PMH>
